[Event "ISR-chT U18"]
[Site "Beer Yaakov"]
[Date "2022.08.15"]
[Round "4.4"]
[White "Ostrovsky Berman, Noam"]
[Black "Arian, Tal"]
[Result "1-0"]
[WhiteElo "1778"]
[BlackElo "1246"]
[PlyCount "37"]
[EventDate "2022.08.14"]
[EventType "team-swiss"]
[EventRounds "7"]
[EventCountry "ISR"]
[SourceTitle "CBM 209 Extra"]
[Source "ChessBase"]
[SourceDate "2022.09.30"]
[SourceVersion "1"]
[SourceVersionDate "2022.09.30"]
[SourceQuality "1"]

1. e4 c6 2. d4 d5 3. exd5 cxd5 4. Nc3 Nf6 5. Bf4 Nc6 6. Nb5 e5 7. dxe5 Ng4 8. e6 Nge5 9. exf7+ Kxf7 10. Nf3 Qe7 11. Qxd5+ Be6 12. Nxe5+ Nxe5 13. Qxe5 Rd8 14. Be2 Qb4+ 15. c3 Qxb2 16. 0-0 Rd5 17. Bh5+ Ke7 18. Bg5+ Kd7 19. Qc7# 1-0